000 00433nam a22001697a 4500
003 BD-DhUIB
005 20251019193006.0
008 251019b |||||||| |||| 00| 0 eng d
040 _aBD-DhUIB
_cBD-DhUIB
050 _a658.4038
082 _222
100 _aLoudon, Dass.
_91028
245 _aManagement information systems:
_bmanaging the digital firm/
_cby Dass, Laudon.
250 _a11th ed.
526 _aBBA.
942 _2ddc
_cBK
999 _c581
_d581